| 000 | 00816nam a2200205Ia 4500 | ||
|---|---|---|---|
| 999 |
_c36157 _d36157 |
||
| 001 | 2059 | ||
| 003 | GE_BSU | ||
| 005 | 20190517214911.0 | ||
| 008 | 181216s1990||||ge |||||||||||||| ||geo|| | ||
| 040 | _cGE_BSU | ||
| 041 | _ageo | ||
| 080 | _a321.353.1–31 ჯ–14 | ||
| 100 |
_aჯავახიშვილი, მიხეილ _91373 |
||
| 245 |
_aდამდნარი ჯაჭვი : _bმოთხრობები / _cრედ.-შემდგ.: რამაზ შიშნიაშვილი. |
||
| 264 |
_aთბილისი : _b მერანი, _c1990. |
||
| 300 |
_a112 გვ. ; _b19 სმ. |
||
| 653 | _aქართული ლიტერატურა | ||
| 700 |
_aშიშნიაშვილი, რამაზ _eშემდგენელი _91374 |
||
| 942 |
_cBK _2udc |
||